Most Produced Wide Body Airplanes - Statistics

General Stats
  • This quiz has been taken 47 times
  • The average score is 10 of 15
Answer Stats
Amount Aircraft % Correct
1555 Airbus A330
95%
509 Airbus A350
90%
254 Airbus A380
90%
1738 Boeing 777
90%
1574 Boeing 747
87%
380 Airbus A340
85%
1142 Boeing 787
85%
1317 Boeing 767
82%
255 Airbus A310
54%
200 McDonnell Douglas MD-11
51%
446 McDonnell Douglas DC-10
49%
561 Airbus A300
44%
250 Lockheed-L1011
36%
30 IlyushinII-96
21%
106 Ilyushin II-86
15%
No matching quizzes found
Score Distribution
Percent of People with Each Score
Percentile by Number Answered
Your Score History
You have not taken this quiz